1509 1318 1940 1746 1347 1033 1154 1646 1116 1491 1103 1954 1015 1889 1782 1997 1462 1588 1339 1537 1585 1219 1160 1388 1538 1977 1810 1416 1543 1215 1069 1615 1527 1933 1536 1553 1040 1861 1638 1479 1128 1817 1385 1764 1538 1253 1191 1139 1070 1585 1542 1728 1911 1785 1839 1725 1718 1905 1776 1031 1648 1922 1152 1557 1133 1830 1280 1258 1146 1740 1305 1952 1006 1126 1525 1095 1443 1011 1077 1818 1711 1886 1204 1181 1186 1336 1385 1515 1143 1174 1800 1841 1287 1837 1420 1575 1301 1121 1605 BCNSPRNW ULIB Ver.6.0+V

เปลี่ยนเป็นภาษาไทย

Change to English
 แสดงรายละเอียดบรรณานุกรม
  กลับหน้าหลัก

Brief Record : Get Marc (ISO 2709) : E-mail record : QR code < ปิดหน้าต่าง
LEADER : 00000nam 2200000uu 4500
001    13399108893
003     ULIB
008    110316s||||||||th 000 0 tha d
020    9789741064250
060 04 WY87^bว849ท 2551
245 00 ทักษะการสื่อสารเพื่อความเป็นเลิศด้านบริการทางการแพทย์ =^bCommunication skills training center /^cบรรณาธิการ, วีระศักดิ์ ชลไชยะ ... [และคนอื่นๆ]
246 31 Communication skills training center
260    กรุงเทพฯ :^bภาควิชากุมารเวชศาสตร์ คณะแพทยศาสตร์จุฬาลงกรณ์มหาวิทยาลัย,^c2551
300    [10], 334 หน้า :^bภาพประกอบ ;^c21 ซม.
650  7 การสื่อสาร
650  7 การสื่อสารทางการแพทย์
700 0  วีระศักดิ์ ชลไชยะ,^eบรรณาธิการ
710 2   จุฬาลงกรณ์มหาวิทยาลัย. ^bภาควิชากุมารเวชศาสตร์
945    ^p220^l0^i024205
945    ^p220^l0^i024409
945    ^p220^l0^i026392
945    ^p220^l0^i026391
945    ^p220^l0^i026390
995    เกษร
999 ^a ใช้งานได้ทุกระบบ
รายการนี้ยังไม่มีแท็ก
คุณยังไม่ได้ล็อกอิน คุณสามารถมีกิจกรรมร่วมกับเว็บไซต์ได้ แต่ต้องล็อกอินก่อน ::
  ล็อกอิน

รายการสื่อสารสนเทศ

ลำดับที่ ประเภท เลขเรียก/บาร์โค้ด สถานที่ สถานะ
- ไม่พบข้อมูล -

รายการใกล้เคียง
    หัวเรื่อง [การสื่อสาร]
    หัวเรื่อง [การสื่อสารทางการแพทย์]

BibComment


ยังไม่เคยถูกคอมเมนท์

คอมเมนท์ทรัพยากรรายการนี้
  คอมเมนท์: ทักษะการสื่อสารเพ..


 Copyright 2026. Bcnsprnw @Library